Čo vlastne vieme o drogách?

Bibliographic Details
Main Author: Beniaková, Jana (Author)
Format: Article
Language:Slovak
Subjects:

MARC

LEADER 00000nab a2200000 a 4500
001 vtls000563350
003 SK-MaSNL
005 20260304094444.0
008 250425c1995 xo 0 slo
015 |a SNBRB19rr/mm-uuuuu 
035 |a CL0563488 
035 |a urn:nbn:sk:snk-abbpc2 
035 |a (urnnbn)urn:nbn:sk:snk:ar-000yvo 
035 |a (uuid)2d30851d-5d84-472c-a11b-9f8cdaed3728 
040 |a SNKBUCL  |b slo  |c SNKBUCL  |e AACR2 
041 0 |a slo 
044 |a xo  |c SK 
080 |a 613.83-053.6  |2 1981 
100 1 |a Beniaková, Jana  |4 aut  |9 988538 
245 1 0 |a Čo vlastne vieme o drogách?  |c Jana Beniaková 
650 0 7 |a drogová závislosť  |2 snkbucl  |9 1551 
655 7 |a články z novín a časopisov  |2 snkbucl  |9 267496 
773 0 |t Rodina a škola  |g Roč. 42, č. 8 (1995), s. 10-11 
850 |a Slovenská národná knižnica 
852 |a Slovenská národná knižnica 
954 |a odborná, vedecká literatúra pôvodná (slovenská)  |2 lita 
958 |a article15 
958 |a RK 
958 |a MI 
958 |a OND 
958 |a EUIPO 
992 |a RBX 
999 |c 2827273  |d 2829203